Business communications

Uloženo v:
Podrobná bibliografie
Hlavní autor: R A Dumont
Médium: Kniha
Jazyk:Undetermined
Vydáno: Boston Little, Brow and Co 1985
Témata:
Tagy: Přidat tag
Žádné tagy, Buďte první, kdo otaguje tento záznam!
Thư viện lưu trữ: Trung tâm Học liệu Trường Đại học Cần Thơ
LEADER 00483nam a2200181Ia 4500
001 CTU_13756
008 210402s9999 xx 000 0 und d
082 |a 808.06 
082 |b D893 
100 |a R A Dumont 
245 0 |a Business communications 
245 0 |c R A Dumont 
260 |a Boston 
260 |b Little, Brow and Co 
260 |c 1985 
650 |a communication 
904 |i Nguyễn Quang Điền, 961212 
980 |a Trung tâm Học liệu Trường Đại học Cần Thơ